Statistics for Every Diary of A Wimpy Kid Book

Click here to take the quiz!

General Stats

  • This quiz has been taken 13 times
  • The average score is 12 of 14

Answer Stats

YearAnswer% Correct
2011Cabin Fever
100%
2009Dog Days
100%
2007Diary of A Wimpy Kid
91%
2013Hard Luck
91%
2008Rodrick Rules
91%
2009The Last Straw
91%
2014The Long Haul
91%
2010The Ugly Truth
91%
2019Wrecking Ball
91%
2016Double Down
82%
2015Old School
82%
2017The Getaway
82%
2018The Meltdown
82%
2012The Third Wheel
82%

Score Distribution

Percentile by Number Answered

Percent of People with Each Score

Your Score History

You have not taken this quiz